Female Singers by Hit Song - Statistics

General Stats
  • This quiz has been taken 3,306 times
  • The average score is 12 of 24
Answer Stats
Song Artist % Correct
Poker Face Lady Gaga
97%
Umbrella Rihanna
96%
Roar Katy Perry
95%
Hips Don't Lie Shakira
91%
Chandelier Sia
90%
Baby One More Time Britney Spears
88%
Super Bass Nicki Minaj
76%
Problem Ariana Grande
64%
Genie In A Bottle Christina Aguilera
62%
Holaback Girl Gwen Stefani
59%
Since You Been Gone Kelly Clarkson
57%
Fancy Iggy Azalea
47%
Best Thing I Never Had Beyonce
45%
Hung Up Madonna
45%
Promiscuous Nelly Furtado
42%
Glamourous Fergie
40%
Skyscraper Demi Lovato
36%
Can't Get You Out Of My Head Kylie Minogue
33%
Fight For This Love Cheryl Cole
16%
Left Outside Alone Anastacia
10%
Motivation Kelly Rowland
9%
Pretty Girl Rock Keri Hilson
9%
Hard Out Hear Lily Allen
9%
Dirty Talk Wynter Gordon
5%
No matching quizzes found
Score Distribution
Percent of People with Each Score
Percentile by Number Answered
Your Score History
You have not taken this quiz